• 首页
  • 本馆介绍
  • 公告通知
  • 最新文献
  • 馆藏检索
  • 电子资源
  • 读者导购
  • 参考咨询
  • 我的图书馆
  • 登录
  • 详细信息显示
  • 放入我的书架
  • 预约/预借图书
  • 作者相关作品
  • 分类相关作品
  • 丛书相关作品
  • 出版社相关作品

书目信息

  • 表格格式
  • 工作单格式
  • 卡片格式
题名:
中国书法教程
    
 
作者: 刘普选 著
分册:   隶书教程
出版信息: 南昌   江西美术出版社  2021.4
页数: 233页
开本: 24cm
丛书名:
单 册:
中图分类: J292.113.2 , J292.11
科图分类:
主题词: 隶书--书法--教材
电子资源:
ISBN: 978-7-5480-7262-1
000 01035nam0 2200277 45
001 012001000763
005 20130909145054.0
010    @a978-7-5480-7262-1@dCNY68.00
099    @aCAL 012020101221
100    @a20200515d2019 em y0chiy0110 ea
101 0  @achi
102    @aCN@b360000
105    @aah z 000yy
106    @ar
200 1  @a中国书法教程@AZhong Guo Shu Fa Jiao Cheng@i隶书教程@f刘普选著
210    @a南昌@c江西美术出版社@d2021.4
215    @a233页@c图, 摹真@d24cm
300    @a其他题名:隶书教程
330    @a本套图书共六册,分别是:《楷书教程》《行书教程》《隶书教程》《篆书教程》《草书教程》《篆刻教程》。目前,图书市场上的同类书基本上是纯学术的研究读物,不接地气。本书结合技法教程阐述理论话题,将各种书体讲解透彻。作者为卢中南、叶培贵、赵宏等著名学者,具有权威性,有很大的市场号召力。
517 1  @a隶书教程
606 0  @a隶书@x书法@j教材
690    @aJ292.113.2@v5
690    @aJ292.11@v5
701  0 @a刘普选@ALiu Pu Xuan@4著
801    @aCN@b江苏凤凰@c20211018
905    @b1340940-3@dJ292.113.2@e679@f4
    
    中国书法教程.隶书教程/刘普选著.-南昌:江西美术出版社,2021.4
    233页:图, 摹真;24cm
    其他题名:隶书教程
    
    ISBN 978-7-5480-7262-1:CNY68.00
    本套图书共六册,分别是:《楷书教程》《行书教程》《隶书教程》《篆书教程》《草书教程》《篆刻教程》。目前,图书市场上的同类书基本上是纯学术的研究读物,不接地气。本书结合技法教程阐述理论话题,将各种书体讲解透彻。作者为卢中南、叶培贵、赵宏等著名学者,具有权威性,有很大的市场号召力。
●
相关链接 在E读中查询图书 在五车中查询图书 在当当中查询图书 在豆瓣中查询图书


正题名:中国书法教程     索取号:J292.113.2/679         预约/预借

序号 登录号 条形码 馆藏地/架位号 状态 备注
1 1340940   213409408   第一样本阅览室/ [索取号:J292.113.2/679] 在馆    
2 1340941   213409417   第一借阅区/ [索取号:J292.113.2/679] 在馆    
3 1340942   213409426   第一借阅区/ [索取号:J292.113.2/679] 在馆    
4 1340943   213409435   第一借阅区/ [索取号:J292.113.2/679] 在馆    
唐山师范学院图书馆 欢迎您!
大连网信软件有限公司© 版权所有